000 00749nam a22002297a 4500
005 20260223114121.0
020 _a978-2-387-72026-5
041 _aeng
082 _223rd ed.
_a620.5
_bNAN
245 _aNanoparticles in biomedical imaging : emerging technologies and applications
_cedited by Jeff W. M. Bulte & Michel M. J. Modo
260 _aNew York
_bSpringer
_c2008
300 _axvii, 524p.; ill.; tables.;
_c24 cm.
440 _aFundamental Biomedial Technologies
_v3
650 _aNanotechnology
650 _aNanoparticles
650 _aImaging systems
650 _aImaging systems in biology
700 _aBulte, Jeff W. M. (ed.)
700 _aModo, Michel M. J. (ed.)
856 _uwww.springer.com
942 _cBK
999 _c184476
_d184475